000 00456nam a2200145Ia 4500
003 OSt
005 20260128122842.0
008 211028s2018 xx 000 0 und d
040 _cAIMIT LIBRARY
041 _aeng
100 _aAcharya, Anup M; Dias, Beena.
_g1616019
_97776
245 _aStudy on achieving operational excellence through customer satisfaction in essen enterprise Mangaluru /
260 _aMangaluru
_bBeena Dias.
_c2018
942 _2ddc
_cPRO
999 _c219344
_d219344